| 000 | 00000nam##2200000za#4500 |
| 001 | 9.664392 |
| 003 | CaOODSP |
| 005 | 20231123085147 |
| 007 | ta |
| 008 | 150407|2003||||xxc||||| f|0| 0 fre|d |
| 020 | |a0-662-67116-3 |
| 040 | |aCaOODSP|bfre |
| 041 | |aeng |
| 041 | |afre |
| 043 | |an-cn--- |
| 086 | 1 |aE2-482/2003 |
| 110 | 1 |aCanada. |bAffaires étrangères et commerce international Canada. |
| 245 | 10|aCoopération économique de la zone Asie-Pacifique (APEC) : |bun lien entre le Canada et la région de l'Asie-Pacifique |
| 260 | |aOttawa - Ontario : |bAffaires étrangères et Commerce international |c2003. |
| 300 | |aTexte français, 6p. : |bill. ; |c22 cm. |
| 520 | 3 |aCette brochure décrit ce qu’est la Coopération économique de la zone Asie-Pacifique (APEC) et pourquoi elle est importante pour le Canada. Elle explique comment les entreprises peuvent participer activement à l’APEC ainsi que les priorités du Canada et ses réalisations récentes au sein de l’organisation. Créée en 1989, l’APEC est le forum économique le plus important de la région de l’Asie-Pacifique. Son programme englobe la libéralisation du commerce, la facilitation des échanges, la lutte contre le terrorisme et la coopération économique et technique. |
| 563 | |aDépliant |
| 590 | |a03-42|b2003-10-17 |
| 691 | 07|aCoopération|2gcpds |
| 791 | |tAsia-Pacific Economic Cooperation (APEC) : |eeng|w(CaOODSP)9.664391 |